|
|
|
|
| LEADER |
00000cam a2200000 7i4500 |
| 001 |
0000015173 |
| 005 |
20080318.0 |
| 008 |
080318 |
| 020 |
|
|
|a 9833364071
|
| 090 |
0 |
0 |
|a 650.10285
|b NOO
|
| 100 |
0 |
|
|a Noor Irfan Khairi
|
| 245 |
1 |
0 |
|a Secrets of internet millionaires revealed
|c Noor Irfan Khairi
|
| 260 |
|
|
|a Kelana Jaya :
|b True Wealth ,
|c 2006
|
| 650 |
|
0 |
|a Business enterprises
|x Computer networks
|
| 650 |
|
0 |
|a Millionaires
|
| 650 |
|
0 |
|a Success in business
|
| 650 |
|
0 |
|a Wealth
|
| 999 |
|
|
|a 0001015276
|b Book
|c Adult Collection
|e Perbadanan Perpustakaan Awam Johor
|
| 999 |
|
|
|a 0001017887
|b Book
|c Adult Collection
|e Perbadanan Perpustakaan Awam Johor
|
| 999 |
|
|
|a 0001017888
|b Book
|c Adult Collection
|e Perbadanan Perpustakaan Awam Johor
|